Evaluation of fire safety (Record no. 102953)
[ view plain ]
| 000 -LEADER | |
|---|---|
| fixed length control field | 01189cam a2200301 4500 |
| 008 - FIXED-LENGTH DATA ELEMENTS--GENERAL INFORMATION | |
| fixed length control field | 030702n2004 000 0 eng u |
| 020 ## - INTERNATIONAL STANDARD BOOK NUMBER | |
| International Standard Book Number | 0471493821 |
| 035 ## - SYSTEM CONTROL NUMBER | |
| System control number | (Sirsi) u122876 |
| 041 ## - LANGUAGE CODE | |
| Language code of text/sound track or separate title | eng |
| 050 ## - LIBRARY OF CONGRESS CALL NUMBER | |
| Classification number | 628.922 |
| -- | 22 |
| 050 ## - LIBRARY OF CONGRESS CALL NUMBER | |
| Classification number | 693.82 |
| -- | 18 |
| 100 ## - MAIN ENTRY--PERSONAL NAME | |
| Personal name | Rasbash, D. |
| 245 ## - TITLE STATEMENT | |
| Title | Evaluation of fire safety |
| 260 ## - PUBLICATION, DISTRIBUTION, ETC. | |
| Place of publication, distribution, etc. | Chichester |
| Name of publisher, distributor, etc. | Wiley |
| Date of publication, distribution, etc. | 2004 |
| 300 ## - PHYSICAL DESCRIPTION | |
| Extent | xiii, 479p. |
| Dimensions | 26cm. |
| 350 ## - PRICE (NR) (BK AM CF MU VM SE) [OBSOLETE] | |
| Price | 85 |
| 520 ## - SUMMARY, ETC. | |
| Summary, etc. | This comprehensive textbook on fire safety is divided into three main sections. Part one looks at fire safety in the community, the fire safety system, requirements for public and private authorities, and several major fire and explosion disasters. Part two focuses on quantifying fire safety, with reference to physical and statistical data. Part three provides detailed coverage of various methods of measuring fire safety. |
| 650 ## - SUBJECT ADDED ENTRY--TOPICAL TERM | |
| Topical term or geographic name entry element | MANAGEMENT-HEALTH AND SAFETY-FIRE SAFETY |
| 650 ## - SUBJECT ADDED ENTRY--TOPICAL TERM | |
| Topical term or geographic name entry element | FIRE PREVENTION |
| 650 ## - SUBJECT ADDED ENTRY--TOPICAL TERM | |
| Topical term or geographic name entry element | FIRE PROTECTION ENGINEERING |
| 650 ## - SUBJECT ADDED ENTRY--TOPICAL TERM | |
| Topical term or geographic name entry element | FIRE RISK ASSESSMENT |
| 690 ## - LOCAL SUBJECT ADDED ENTRY--TOPICAL TERM (OCLC, RLIN) | |
| Topical term or geographic name as entry element | Health and safety |
| 9 (RLIN) | 6244 |
| 700 ## - ADDED ENTRY--PERSONAL NAME | |
| Personal name | Ramachandran, G. |
| 700 ## - ADDED ENTRY--PERSONAL NAME | |
| Personal name | Kandola, B. |
| 700 ## - ADDED ENTRY--PERSONAL NAME | |
| Personal name | Watts, J. |
| 700 ## - ADDED ENTRY--PERSONAL NAME | |
| Personal name | Law, M. |
| 942 ## - ADDED ENTRY ELEMENTS (KOHA) | |
| Suppress in OPAC | 0 |
| Withdrawn status | Lost status | Source of classification or shelving scheme | Damaged status | Not for loan | Home library | Current library | Shelving location | Date acquired | Cost, normal purchase price | Total Checkouts | Full call number | Barcode | Date last seen | Date last checked out | Copy number | Cost, replacement price | Price effective from | Koha item type |
|---|---|---|---|---|---|---|---|---|---|---|---|---|---|---|---|---|---|---|
| Other/Generic Classification Scheme | London | London | Books | 15/03/2004 | 50.00 | 9 | 693.82 RAS | 30068695 | 06/08/2019 | 22/03/2010 | 1 | 50.00 | 06/08/2019 | Book |